Länder, die mit A beginnen - Statistiken

Allgemein
  • Dieses Quiz wurde 208 mal gespielt
    179 seit der letzten Aktualisierung
  • Das Durchschnittsergebnis liegt bei 10 aus 13
Antwortstatistiken
Land % Korrekt
Australien
92%
Armenien
89%
Aserbaidschan
88%
Andorra
84%
Angola
84%
Argentinien
83%
Albanien
82%
Algerien
79%
Afghanistan
74%
Antigua und Barbuda
68%
Ägypten
66%
Äthiopien
59%
Äquatorial-Guinea
52%
Keine übereinstimmenden Quizze gefunden
Verteilung der Resultate
Anzahl Personen mit jedem Resultat
Perzentil nach korrekt beantworteten Fragen
Ihre Resultats-Entwicklung
Sie haben dieses Quiz seit der letzten Aktualisierung nicht gespielt